00977nam a2200253 a 450000100100000000500170001000800410002702000150006804000250008308200260010810000330013424501160016725000120028326000360029530000310033150400560036250400310041865000440044965100530049365100510054665000270059765100490062465100500067300003766520250701132841.0121024s2003 dr d 000 0 spa d a9993403792 aDO-SdBNPbspacBNPHU a330.97293bJ96f, 20031 aJusto Duarte, Amaury,d1942-10aFilosofía de la crisis y el salto tecnológico :bla sociedad dominicana y su futuro /cAmaury Justo Duarte. a2ª ed. aSanto Domingo :bBúho,c2003. a196 p. :bdiagr. ;c23 cm. aIncluye bibliografía y notas al pie de páginas. aBibliografía: p.185-190. 4aDesarrollo científico y tecnológico 4aRepública DominicanaxCondiciones Económicas 4aRepública DominicanaxPolítica Económica 0aDesarrollo económico 4aRepública DominicanaxCondiciones Sociales 0aRepública DominicanaxPolítica y gobierno